000 00778cam a2200217 a 4500
001 000006172
005 20200929151946.0
008 770325s1969 xx 000 0 spa
040 _aDO-SdBNP
_bspa
_cBNPHU
082 _aCo861.108
_bD671a
100 1 _aDomínguez Camargo, Hernando,
_d1606-1659.
_917306
245 1 0 _aAntología poética /
_cHernando Domínguez Camargo ; prólogo, selección y notas, Eduardo Mendoza Varela.
260 _aMedellín :
_bBedout,
_c1969.
300 _a223 p. ;
_c19 cm.
490 1 _aBolsilibros Bedout,
_vv. 56
504 _aBibliografía: p. 221-223.
650 4 _aPoesía colombiana
_xColecciones
_98105
650 4 _aLiteratura colombiana
_91244
700 1 _aMendoza Varela, Eduardo,
_eed.
_917307
830 0 _aBolsilibros Bedout,
_vv. 56
_93750
999 _c5968
_d5968